| 000 | 00838cam a22001934a 4500 | ||
|---|---|---|---|
| 005 | 20250605164336.0 | ||
| 008 | 250528s ||||||||||||||||||||||||d | ||
| 035 | _a23451 | ||
| 040 |
_aGR-AtMCL _bgre _dGR-AtMCL _eAACR2 |
||
| 245 | 1 | _aVigilantism in the Name of Honour./A Discursive Analysis Exloring the Institution of Vendetta, the Motivation Behind Social Action. | |
| 260 | _c2017 | ||
| 300 | _a40 | ||
| 520 | _aIntroduction, Rationale, Methodology, Data Corpus, Design Analytic Approach, Analytic Procedure, Materials, a Crime of Honor, Pride and Prejudice, Imbued by the Past, Death is Immortal, a Family Affair, Every Place is its People, Obedient to their Laws, We Lie, Discussion, References. | ||
| 700 | 1 |
_aArapi Christima _99020 |
|
| 700 | 1 |
_aLouka Penelope _99017 |
|
| 942 | _cDS | ||
| 999 |
_c8461 _d8461 |
||